[Event "POL-chT2"]
[Site "Poronin"]
[Date "2013.09.13"]
[Round "7.17"]
[White "Chalupnik, Marcin"]
[Black "Leszner, Mariusz"]
[Result "0-1"]
[WhiteElo "2195"]
[BlackElo "2172"]
[PlyCount "102"]
[EventDate "2013.09.06"]
[EventType "team-swiss"]
[EventRounds "9"]
[EventCountry "POL"]
[SourceTitle "EXT 2015"]
[Source "ChessBase"]
[SourceDate "2014.11.20"]
[SourceVersion "1"]
[SourceVersionDate "2014.11.20"]
[SourceQuality "1"]
[WhiteTeam "Warszawa YMCA"]
[BlackTeam "Gostynin Gostmat 83"]
[WhiteTeamCountry "POL"]
[BlackTeamCountry "POL"]

1. e4 d6 2. d4 g6 3. Nc3 Bg7 4. Be3 Nc6 5. Qd2 e5 6. Nge2 f5 7. f3 Nf6 8. exf5 Bxf5 9. Ng3 Nxd4 10. Bxd4 exd4 11. Nxf5 gxf5 12. Qxd4 0-0 13. 0-0-0 Kh8 14. Qh4 c6 15. g4 Qb6 16. Bc4 d5 17. Bd3 fxg4 18. Rhg1 gxf3 19. Rg4 Rae8 20. Rf4 Ne4 21. Rxf8+ Rxf8 22. Nxe4 Qxb2+ 23. Kd2 dxe4 24. Qxe4 Bh6+ 25. Ke1 Qg7 26. Bf1 Qc3+ 27. Kf2 Bg7 28. Rd7 Qc5+ 29. Qe3 Qxc2+ 30. Kg1 f2+ 31. Kh1 Qg6 32. Qg3 b5 33. Rxa7 Bd4 34. Qxg6 hxg6 35. Rc7 c5 36. Rb7 b4 37. Kg2 Ra8 38. Bc4 Re8 39. Bf1 Re1 40. Rb6 Kg7 41. Rc6 Ra1 42. Ra6 Kh6 43. Ra4 Kg5 44. Ra6 Kf4 45. Ra8 Ke3 46. Ra6 Kd2 47. Ra4 Kc2 48. h4 Kb2 49. Ra6 Rxa2 50. Rxg6 Ra1 51. Rd6 Kc3 0-1

[Event "POL-chT 2nd League"]
[Site "Wysowa"]
[Date "2005.09.04"]
[Round "9.91"]
[White "Leszner, Mariusz"]
[Black "Krasiewicz, Piotr"]
[Result "0-1"]
[WhiteElo "2240"]
[BlackElo "2009"]
[PlyCount "96"]
[EventDate "2005.08.27"]
[EventType "team-swiss"]
[EventRounds "9"]
[EventCountry "POL"]
[SourceTitle "EXT 2019"]
[Source "ChessBase"]
[SourceDate "2018.10.10"]
[SourceVersion "1"]
[SourceVersionDate "2018.10.10"]
[SourceQuality "1"]
[WhiteTeam "Lodz Szach Centrum"]
[BlackTeam "Zielonka Zieloni"]
[WhiteTeamCountry "POL"]
[BlackTeamCountry "POL"]

1. e4 e6 2. b3 d5 3. exd5 exd5 4. Bb2 Nf6 5. Nf3 Be7 6. d4 0-0 7. Bd3 Bb4+ 8. c3 Re8+ 9. Ne5 Ba5 10. 0-0 c5 11. c4 cxd4 12. Bxd4 Bc7 13. f4 Nc6 14. Nxf7 Kxf7 15. Bxf6 Qxf6 16. Qh5+ Kf8 17. Qxh7 Be6 18. Nd2 Bg8 19. Qh3 Bb6+ 20. Kh1 Re3 21. Qf5 Qxf5 22. Bxf5 Nd4 23. Bg6 Re2 24. Rad1 dxc4 25. bxc4 Rc8 26. h4 Bxc4 27. Nxc4 Rxc4 28. Bd3 Rcc2 29. Bxe2 Nxe2 30. Rf3 Rxa2 31. Rd7 Ra1+ 32. Kh2 Bg1+ 33. Kh3 b5 34. f5 Bd4 35. Rb3 a6 36. Kg4 Bf6 37. Rb4 Ra3 38. Kh5 Rg3 39. Rg4 Rxg4 40. Kxg4 a5 41. Rb7 Nc3 42. Kh5 a4 43. g4 a3 44. g5 a2 45. Rb8+ Kf7 46. Rb7+ Ke8 47. Rb8+ Bd8 48. Ra8 Na4 0-1

[Event "POL-chT 2nd League"]
[Site "Wysowa"]
[Date "2005.09.01"]
[Round "6.91"]
[White "Zgadzaj, Rafal"]
[Black "Leszner, Mariusz"]
[Result "0-1"]
[WhiteElo "2185"]
[BlackElo "2240"]
[PlyCount "50"]
[EventDate "2005.08.27"]
[EventType "team-swiss"]
[EventRounds "9"]
[EventCountry "POL"]
[SourceTitle "EXT 2019"]
[Source "ChessBase"]
[SourceDate "2018.10.10"]
[SourceVersion "1"]
[SourceVersionDate "2018.10.10"]
[SourceQuality "1"]
[WhiteTeam "Chroscice LZS Victoria"]
[BlackTeam "Lodz Szach Centrum"]
[WhiteTeamCountry "POL"]
[BlackTeamCountry "POL"]

1. Nf3 b6 2. g3 Bb7 3. Bg2 e6 4. 0-0 f5 5. c4 c5 6. Nc3 Nf6 7. b3 Be7 8. Bb2 0-0 9. d4 cxd4 10. Qxd4 Nc6 11. Qd2 a6 12. Rfd1 Qc7 13. Rac1 Rad8 14. Qc2 Ng4 15. h3 Nxf2 16. Kxf2 Bc5+ 17. e3 f4 18. gxf4 Qxf4 19. Qe4 Qg5 20. Nd5 exd5 21. Qxd5+ Qxd5 22. Rxd5 d6 23. Rg5 g6 24. Re1 Rde8 25. h4 Nb4 0-1

[Event "POL-chT 2nd League"]
[Site "Wysowa"]
[Date "2005.08.27"]
[Round "1.61"]
[White "Sygulski, Boguslaw"]
[Black "Leszner, Mariusz"]
[Result "1-0"]
[WhiteElo "2277"]
[BlackElo "2240"]
[PlyCount "77"]
[EventDate "2005.08.27"]
[EventType "team-swiss"]
[EventRounds "9"]
[EventCountry "POL"]
[SourceTitle "EXT 2019"]
[Source "ChessBase"]
[SourceDate "2018.10.10"]
[SourceVersion "1"]
[SourceVersionDate "2018.10.10"]
[SourceQuality "1"]
[WhiteTeam "Rolnik Roza"]
[BlackTeam "Lodz Szach Centrum"]
[WhiteTeamCountry "POL"]
[BlackTeamCountry "POL"]

1. e4 d6 2. d4 g6 3. Nc3 Bg7 4. f4 Nc6 5. Bb5 a6 6. Bxc6+ bxc6 7. Nf3 Bg4 8. 0-0 d5 9. e5 e6 10. h3 Bxf3 11. Rxf3 h5 12. Be3 Nh6 13. Bf2 h4 14. Ne2 Nf5 15. Ra3 Bh6 16. Qd3 g5 17. Rxa6 Rxa6 18. Qxa6 gxf4 19. Qxc6+ Kf8 20. Qc5+ Kg8 21. Qc3 Kh7 22. Qf3 Rg8 23. Nxf4 Qb8 24. b3 Rg5 25. Nh5 c5 26. c3 cxd4 27. cxd4 Qc7 28. Nf6+ Kg6 29. Qd3 Bg7 30. Bxh4 Bxf6 31. Bxg5 Bxg5 32. g4 Bc1 33. gxf5+ exf5 34. a4 Kg5 35. Ra2 f4 36. Rg2+ Kh6 37. Qf5 Be3+ 38. Kh2 Qe7 39. Qc8 1-0

[Event "Naleczow op"]
[Site "Naleczow"]
[Date "1989.??.??"]
[Round "?"]
[White "Leszner, Mariusz"]
[Black "Kempys, Marek"]
[Result "1/2-1/2"]
[WhiteElo "2235"]
[BlackElo "2290"]
[PlyCount "116"]
[EventDate "1989.??.??"]
[EventType "swiss"]
[EventRounds "11"]
[EventCountry "POL"]
[SourceTitle "EXT 1997"]
[Source "ChessBase"]
[SourceDate "1996.11.15"]
[SourceVersion "1"]
[SourceVersionDate "1996.11.15"]
[SourceQuality "1"]

1. e4 d6 2. d4 Nf6 3. Nc3 g6 4. Bg5 Bg7 5. e5 Nfd7 6. f4 0-0 7. Nf3 Nb6 8. Be2 Na6 9. 0-0 c6 10. Ne4 f6 11. Bh4 Bf5 12. Ng3 Be6 13. f5 Bd5 14. fxg6 hxg6 15. Bd3 Qe8 16. c3 dxe5 17. Nxe5 fxe5 18. Qg4 Rxf1+ 19. Rxf1 Bf7 20. dxe5 Nc5 21. Rxf7 Qxf7 22. Bxg6 Qe6 23. Nf5 Qxe5 24. Nxe7+ Kf8 25. Qf3+ Bf6 26. Bxf6 Qe1+ 27. Qf1 Qxf1+ 28. Kxf1 Nbd7 29. Bh4 Ne5 30. Bh5 Ncd3 31. Ng6+ Nxg6 32. Bxg6 Nxb2 33. Bf6 Nc4 34. h4 Ne3+ 35. Kg1 Ng4 36. Bd4 Rd8 37. Bh5 Nh6 38. Bxa7 Rd5 39. g4 Ra5 40. Be3 Kg7 41. Kf2 Rxa2+ 42. Kf3 Rh2 43. Bd4+ Kh7 44. Kg3 Rc2 45. Kf4 c5 46. Bf6 Kg8 47. g5 Rf2+ 48. Bf3 Nf5 49. g6 b5 50. h5 b4 51. cxb4 cxb4 52. Kg4 Kf8 53. g7+ Nxg7 54. h6 Ne8 55. Be5 Kg8 56. Kg3 Rf1 57. Be4 Nf6 58. Bd3 Rh1 1/2-1/2

[Event "Warsaw Cup"]
[Site "Warsaw"]
[Date "1987.??.??"]
[Round "6"]
[White "Leszner, Mariusz"]
[Black "Gralka, Julian"]
[Result "1-0"]
[WhiteElo "2300"]
[BlackElo "2315"]
[PlyCount "117"]
[EventDate "1987.04.??"]
[EventType "swiss"]
[EventRounds "11"]
[EventCountry "POL"]
[SourceTitle "EXT 2001"]
[Source "ChessBase"]
[SourceDate "2000.11.22"]
[SourceVersion "1"]
[SourceVersionDate "2000.11.22"]
[SourceQuality "1"]

1. e4 c5 2. Nf3 d6 3. d4 cxd4 4. Qxd4 Nc6 5. Bb5 Bd7 6. Bxc6 Bxc6 7. c4 Nf6 8. Nc3 e6 9. 0-0 Be7 10. b3 0-0 11. Bb2 a6 12. Qd3 b6 13. Nd4 Bb7 14. f4 Qc7 15. Kh1 Rac8 16. Rae1 Nd7 17. Qg3 Bf6 18. Nf3 g6 19. Ng5 Bg7 20. f5 exf5 21. exf5 Be5 22. Rxe5 dxe5 23. f6 Rfe8 24. Qh4 h5 25. Nge4 Bxe4 26. Nxe4 Re6 27. Qg5 Qc6 28. Qh6 Nxf6 29. Ng5 Rce8 30. Rxf6 Rxf6 31. Qh7+ Kf8 32. Ba3+ Qc5 33. Bxc5+ bxc5 34. h4 e4 35. Qh6+ Kg8 36. Qh7+ Kf8 37. Kh2 e3 38. Nf3 e2 39. Ne1 Re4 40. Qh6+ Kg8 41. g3 Rf2+ 42. Kh3 Rf1 43. Qd2 Rf5 44. a3 Rfe5 45. Kg2 Rd4 46. Qc3 Rde4 47. Kf3 Re6 48. b4 cxb4 49. axb4 R4e5 50. c5 Rf5+ 51. Kg2 Rf1 52. c6 Rxe1 53. Qxe1 Rxc6 54. Qxe2 Re6 55. Qc4 Kg7 56. Kf3 Kg8 57. Kf4 Kg7 58. Qd4+ Kh7 59. Kg5 1-0